Ako viesť hodnotiaci pohovor
Spôsoby zlepšenia vedenia hodnotiaceho pohovoru.
Na minha lista:
| Formato: | Capítulo de Livro |
|---|---|
| Idioma: | eslovaco |
| Assuntos: | |
| Tags: |
Sem tags, seja o primeiro a adicionar uma tag!
|
MARC
| LEADER | 00000naa a2200000 4500 | ||
|---|---|---|---|
| 001 | 0173949 | ||
| 005 | 20231114111927.2 | ||
| 041 | 0 | |a slo | |
| 044 | |a SK | ||
| 245 | 1 | 0 | |a Ako viesť hodnotiaci pohovor |
| 520 | |a Spôsoby zlepšenia vedenia hodnotiaceho pohovoru. | ||
| 610 | 2 | 0 | |a manažéri |
| 610 | 2 | 0 | |a hodnotenie pracovníkov |
| 610 | 2 | 0 | |a pohovor |